[Event "World Chess Olympiad 2018"]
[Site "Batumi"]
[Date "2018.09.30"]
[Round "6"]
[Board "1"]
[WhiteFideId "2900017"]
[White "Georgiev Kiril"]
[BlackFideId "13300474"]
[Black "Aronian Levon"]
[Result "1/2-1/2"]
[LiveChessVersion "1.4.8"]
[BlackElo "2780"]
[WhiteElo "2590"]

1. d4 {[%clk 1:30:54]} d5 {[%clk 1:30:55]} 2. c4 {[%clk 1:31:14]} e6
{[%clk 1:31:20]} 3. Nf3 {[%clk 1:31:08]} c6 {[%clk 1:31:45]} 4. e3
{[%clk 1:27:25]} Bd6 {[%clk 1:31:26]} 5. Nc3 {[%clk 1:26:04]} f5 {[%clk 1:30:46]}
6. g3 {[%clk 1:26:16]} Nf6 {[%clk 1:30:57]} 7. Bg2 {[%clk 1:26:38]} b6
{[%clk 1:29:41]} 8. b3 {[%clk 1:19:30]} Ba6 {[%clk 1:27:42]} 9. Qd3
{[%clk 1:18:22]} b5 {[%clk 1:23:51]} 10. Nd2 {[%clk 1:18:03]} bxc4
{[%clk 1:16:10]} 11. bxc4 {[%clk 1:18:23]} Nbd7 {[%clk 1:08:23]} 12. Qc2
{[%clk 1:17:32]} Ne4 {[%clk 0:56:40]} 13. Ncxe4 {[%clk 1:12:59]} dxe4
{[%clk 0:52:29]} 14. O-O {[%clk 1:07:22]} c5 {[%clk 0:50:07]} 15. Qa4
{[%clk 1:04:26]} Qc8 {[%clk 0:48:21]} 16. Ba3 {[%clk 1:04:31]} O-O
{[%clk 0:45:40]} 17. Rfd1 {[%clk 0:59:39]} Rd8 {[%clk 0:44:26]} 18. dxc5
{[%clk 0:52:21]} Bxc5 {[%clk 0:42:20]} 19. Nb3 {[%clk 0:51:26]} Bxa3
{[%clk 0:41:29]} 20. Qxa3 {[%clk 0:51:44]} Bxc4 {[%clk 0:33:09]} 21. Rdc1
{[%clk 0:50:29]} Qa6 {[%clk 0:28:28]} 22. Qxa6 {[%clk 0:49:10]} Bxa6
{[%clk 0:28:52]} 23. Rc6 {[%clk 0:49:36]} Bd3 {[%clk 0:23:52]} 24. Rxe6
{[%clk 0:48:53]} Bc4 {[%clk 0:23:41]} 25. Rc6 {[%clk 0:46:39]} Ne5
{[%clk 0:19:32]} 26. Rc5 {[%clk 0:41:40]} Rd5 {[%clk 0:18:52]} 27. Rc7
{[%clk 0:35:48]} Bxb3 {[%clk 0:19:14]} 28. axb3 {[%clk 0:36:05]} Nf3+
{[%clk 0:19:41]} 29. Bxf3 {[%clk 0:35:26]} exf3 {[%clk 0:20:07]} 30. b4
{[%clk 0:30:18]} Rad8 {[%clk 0:17:43]} 31. h3 {[%clk 0:27:20]} Rd1+
{[%clk 0:18:04]} 1/2-1/2

[Event "World Chess Olympiad 2018"]
[Site "Batumi"]
[Date "2018.09.30"]
[Round "6"]
[Board "2"]
[WhiteFideId "13300881"]
[White "Sargissian Gabriel"]
[BlackFideId "2903024"]
[Black "Georgiev Vladimir"]
[Result "1-0"]
[LiveChessVersion "1.4.8"]
[BlackElo "2479"]
[WhiteElo "2691"]

1. d4 {[%clk 1:30:57]} d6 {[%clk 1:30:37]} 2. Nf3 {[%clk 1:31:08]} g6
{[%clk 1:28:47]} 3. c4 {[%clk 1:30:37]} Bg7 {[%clk 1:28:27]} 4. Nc3
{[%clk 1:29:25]} Bg4 {[%clk 1:27:50]} 5. e3 {[%clk 1:27:47]} e5 {[%clk 1:24:39]}
6. dxe5 {[%clk 1:25:48]} Bxe5 {[%clk 1:21:52]} 7. Qb3 {[%clk 1:12:01]} Bxf3
{[%clk 1:21:34]} 8. gxf3 Nc6 {[%clk 1:19:10]} 9. Bd2 {[%clk 1:12:09]} Nge7
{[%clk 1:14:24]} 10. f4 {[%clk 1:11:11]} Bg7 {[%clk 1:14:23]} 11. h4
{[%clk 1:10:55]} O-O {[%clk 1:12:23]} 12. h5 {[%clk 1:09:18]} a6 {[%clk 1:12:03]}
13. hxg6 {[%clk 1:06:25]} hxg6 {[%clk 1:11:23]} 14. Nd5 {[%clk 0:57:32]} Nxd5
{[%clk 0:52:34]} 15. cxd5 {[%clk 0:57:56]} Nb8 {[%clk 0:53:00]} 16. Bh3
{[%clk 0:47:12]} Nd7 {[%clk 0:52:30]} 17. Bxd7 {[%clk 0:47:14]} Qxd7
{[%clk 0:52:55]} 18. Bc3 {[%clk 0:47:11]} f6 {[%clk 0:33:10]} 19. O-O-O
{[%clk 0:38:32]} Qf5 {[%clk 0:29:57]} 20. Qxb7 {[%clk 0:36:44]} Rab8
{[%clk 0:27:08]} 21. Qxa6 {[%clk 0:35:54]} Ra8 {[%clk 0:25:56]} 22. Qc4
{[%clk 0:35:14]} Rfe8 {[%clk 0:25:15]} 23. a3 {[%clk 0:34:56]} Re4
{[%clk 0:19:41]} 24. Rd4 {[%clk 0:34:30]} Rxd4 {[%clk 0:17:59]} 25. Qxd4
{[%clk 0:34:33]} Re8 {[%clk 0:17:09]} 26. f3 {[%clk 0:32:11]} Qd7
{[%clk 0:11:08]} 27. Qd3 {[%clk 0:26:23]} Qe7 {[%clk 0:09:46]} 28. e4
{[%clk 0:22:06]} Kf7 {[%clk 0:06:54]} 29. Rg1 {[%clk 0:19:38]} Bh6
{[%clk 0:05:46]} 30. e5 {[%clk 0:19:16]} Bxf4+ {[%clk 0:05:01]} 31. Kb1
{[%clk 0:17:31]} Rg8 {[%clk 0:05:16]} 32. e6+ {[%clk 0:17:23]} 1-0

[Event "World Chess Olympiad 2018"]
[Site "Batumi"]
[Date "2018.09.30"]
[Round "6"]
[Board "3"]
[WhiteFideId "15000605"]
[White "Nedev Trajko"]
[BlackFideId "13302507"]
[Black "Hovhannisyan Robert"]
[Result "0-1"]
[LiveChessVersion "1.4.8"]
[BlackElo "2621"]
[WhiteElo "2496"]

1. e4 {[%clk 1:30:57]} e5 {[%clk 1:30:54]} 2. Nf3 {[%clk 1:31:22]} Nc6
{[%clk 1:31:16]} 3. Bc4 {[%clk 1:31:34]} Bc5 {[%clk 1:31:32]} 4. O-O
{[%clk 1:31:57]} Nf6 {[%clk 1:31:33]} 5. d3 {[%clk 1:32:16]} O-O {[%clk 1:31:07]}
6. Re1 {[%clk 1:30:38]} d6 {[%clk 1:25:47]} 7. c3 {[%clk 1:30:39]} h6
{[%clk 1:25:42]} 8. Nbd2 {[%clk 1:25:41]} a5 {[%clk 1:25:51]} 9. Nf1
{[%clk 1:24:52]} a4 {[%clk 1:25:53]} 10. Ng3 {[%clk 1:06:56]} Bd7
{[%clk 1:23:46]} 11. d4 {[%clk 1:00:59]} Bb6 {[%clk 1:23:00]} 12. h3
{[%clk 1:01:20]} Re8 {[%clk 1:22:12]} 13. Bf1 {[%clk 0:38:14]} a3
{[%clk 1:11:05]} 14. b3 {[%clk 0:36:27]} d5 {[%clk 1:09:55]} 15. exd5
{[%clk 0:32:28]} Nxd5 {[%clk 1:10:04]} 16. dxe5 {[%clk 0:32:32]} Nxc3
{[%clk 1:09:41]} 17. Qd3 {[%clk 0:31:33]} Nxa2 {[%clk 1:02:22]} 18. Rxa2
{[%clk 0:29:17]} Nb4 {[%clk 1:02:37]} 19. Qb1 {[%clk 0:28:18]} Nxa2
{[%clk 1:02:27]} 20. Qxa2 Bc6 {[%clk 0:58:13]} 21. Ne4 {[%clk 0:28:44]} Ba5
{[%clk 0:53:20]} 22. Bd2 {[%clk 0:25:20]} Bxd2 {[%clk 0:46:40]} 23. Nexd2
{[%clk 0:25:44]} Qd7 {[%clk 0:44:45]} 24. Qc2 {[%clk 0:24:53]} Bd5
{[%clk 0:40:38]} 25. Ra1 {[%clk 0:20:29]} Red8 {[%clk 0:36:54]} 26. Qc5
{[%clk 0:14:34]} b6 {[%clk 0:33:37]} 27. Qb4 {[%clk 0:14:44]} Qe8
{[%clk 0:21:40]} 28. Qf4 {[%clk 0:14:05]} Qe7 {[%clk 0:15:38]} 29. Qe3
{[%clk 0:07:52]} a2 {[%clk 0:12:26]} 30. Qc3 {[%clk 0:06:39]} Ra3
{[%clk 0:08:31]} 31. Bd3 {[%clk 0:05:18]} Qc5 {[%clk 0:06:20]} 32. Qxc5
{[%clk 0:05:32]} bxc5 {[%clk 0:06:49]} 33. Bc4 {[%clk 0:05:46]} c6
{[%clk 0:06:44]} 34. Kf1 {[%clk 0:06:02]} Rda8 {[%clk 0:06:32]} 35. Ne1
{[%clk 0:05:30]} Bxc4+ {[%clk 0:05:55]} 36. bxc4 {[%clk 0:05:53]} Re8
{[%clk 0:05:20]} 37. Nc2 {[%clk 0:04:27]} Ra4 {[%clk 0:04:17]} 38. f4
{[%clk 0:04:52]} g5 {[%clk 0:03:38]} 39. g3 {[%clk 0:05:12]} Kf8 {[%clk 0:01:13]}
40. Kf2 {[%clk 0:32:14]} Raa8 {[%clk 0:30:41]} 41. Ne1 {[%clk 0:25:12]} Reb8
{[%clk 0:27:22]} 42. Ke2 {[%clk 0:17:30]} Ra3 {[%clk 0:26:37]} 43. Nef3
{[%clk 0:12:10]} Rb2 {[%clk 0:22:14]} 44. Kd1 {[%clk 0:12:00]} Rxf3
{[%clk 0:22:17]} 45. Kc1 {[%clk 0:11:15]} Rxd2 {[%clk 0:21:49]} 46. Kxd2
{[%clk 0:11:40]} Rxg3 {[%clk 0:21:46]} 47. fxg5 {[%clk 0:11:38]} hxg5
{[%clk 0:22:04]} 48. Kc2 {[%clk 0:11:40]} Ra3 {[%clk 0:21:21]} 49. Kb2
{[%clk 0:11:26]} Ra7 {[%clk 0:21:25]} 0-1

[Event "World Chess Olympiad 2018"]
[Site "Batumi"]
[Date "2018.09.30"]
[Round "6"]
[Board "4"]
[WhiteFideId "13306553"]
[White "Martirosyan Haik M."]
[BlackFideId "15002314"]
[Black "Nikolovski Nikola"]
[Result "1-0"]
[LiveChessVersion "1.4.8"]
[BlackElo "2388"]
[WhiteElo "2597"]

1. d4 {[%clk 1:30:57]} Nf6 {[%clk 1:30:38]} 2. Nf3 {[%clk 1:31:18]} e6
{[%clk 1:30:12]} 3. Bf4 {[%clk 1:31:22]} b6 {[%clk 1:22:16]} 4. e3
{[%clk 1:31:38]} Bb7 {[%clk 1:22:15]} 5. Be2 {[%clk 1:31:43]} Be7
{[%clk 1:12:02]} 6. h3 {[%clk 1:31:14]} Ne4 {[%clk 1:11:44]} 7. Nbd2
{[%clk 1:29:04]} f5 {[%clk 1:11:01]} 8. g4 {[%clk 1:25:25]} d6 {[%clk 1:05:38]}
9. gxf5 {[%clk 1:21:01]} exf5 {[%clk 1:05:27]} 10. Rg1 {[%clk 1:21:26]} Bf6
{[%clk 0:50:39]} 11. c3 {[%clk 1:09:37]} Qe7 {[%clk 0:44:37]} 12. a4
{[%clk 1:04:15]} O-O {[%clk 0:35:03]} 13. a5 {[%clk 1:01:59]} Kh8
{[%clk 0:35:13]} 14. Qb3 {[%clk 0:56:34]} Na6 {[%clk 0:23:54]} 15. h4
{[%clk 0:43:28]} Bxh4 {[%clk 0:18:57]} 16. Nxh4 {[%clk 0:42:46]} Qxh4
{[%clk 0:19:24]} 17. Nxe4 {[%clk 0:42:59]} fxe4 {[%clk 0:19:46]} 18. Bg3
{[%clk 0:43:08]} Qe7 {[%clk 0:17:42]} 19. Kd2 {[%clk 0:42:52]} b5
{[%clk 0:09:14]} 20. Qxb5 {[%clk 0:33:33]} c5 {[%clk 0:06:09]} 21. Qa4
{[%clk 0:25:33]} Rab8 {[%clk 0:05:12]} 22. b4 {[%clk 0:24:42]} cxb4
{[%clk 0:04:32]} 23. cxb4 {[%clk 0:25:10]} Nc7 {[%clk 0:04:34]} 24. b5
{[%clk 0:24:32]} Ne6 {[%clk 0:03:12]} 25. Rac1 {[%clk 0:21:29]} Bd5
{[%clk 0:03:20]} 26. Qb4 {[%clk 0:20:05]} Rfd8 {[%clk 0:03:36]} 27. Rh1
{[%clk 0:19:20]} h6 {[%clk 0:00:55]} 28. Bh4 {[%clk 0:18:47]} g5 {[%clk 0:01:03]}
29. Bg3 {[%clk 0:19:04]} Kg7 {[%clk 0:01:15]} 30. Be5+ {[%clk 0:16:13]} Kh7
{[%clk 0:01:18]} 31. Rh2 {[%clk 0:15:26]} Qf8 {[%clk 0:01:18]} 32. Bg3
{[%clk 0:15:20]} Ng7 {[%clk 0:01:04]} 33. Bg4 {[%clk 0:14:14]} Qe8
{[%clk 0:00:34]} 34. Rch1 {[%clk 0:13:40]} h5 {[%clk 0:00:34]} 35. Rxh5+
{[%clk 0:11:55]} Kg6 {[%clk 0:00:58]} 36. Rh7 {[%clk 0:09:21]} Rxb5
{[%clk 0:00:34]} 37. R1h6+ {[%clk 0:09:46]} Kf7 {[%clk 0:00:59]} 38. Bh5+
{[%clk 0:10:03]} Ke7 {[%clk 0:00:32]} 39. Bxd6+ {[%clk 0:10:19]} 1-0

[Event "World Chess Olympiad 2018"]
[Site "Batumi"]
[Date "2018.09.30"]
[Round "6"]
[Board "1"]
[WhiteFideId "14918781"]
[White "Repka Christopher"]
[BlackFideId "10601457"]
[Black "Amin Bassem"]
[Result "0-1"]
[LiveChessVersion "1.4.8"]
[BlackElo "2686"]
[WhiteElo "2523"]

1. d4 {[%clk 1:30:58]} Nf6 {[%clk 1:29:18]} 2. c4 {[%clk 1:31:23]} g6
{[%clk 1:29:09]} 3. Nc3 {[%clk 1:31:47]} Bg7 {[%clk 1:29:35]} 4. e4
{[%clk 1:32:14]} O-O {[%clk 1:29:53]} 5. h3 {[%clk 1:31:21]} d6 {[%clk 1:28:25]}
6. Be3 {[%clk 1:31:44]} Nbd7 {[%clk 1:28:34]} 7. g4 {[%clk 1:31:01]} c5
{[%clk 1:28:57]} 8. d5 {[%clk 1:30:31]} Qa5 {[%clk 1:22:03]} 9. Qd2
{[%clk 1:22:11]} a6 {[%clk 1:20:32]} 10. a4 {[%clk 1:18:59]} b5 {[%clk 1:20:06]}
11. cxb5 {[%clk 1:17:46]} axb5 {[%clk 1:20:20]} 12. Bxb5 {[%clk 1:17:49]} Ba6
{[%clk 1:20:33]} 13. Bxa6 {[%clk 1:07:17]} Qxa6 {[%clk 1:18:37]} 14. Nge2
{[%clk 0:43:50]} Ne5 {[%clk 1:18:24]} 15. Kf1 {[%clk 0:44:16]} Rfb8
{[%clk 1:16:42]} 16. Kg2 {[%clk 0:43:23]} Rb4 {[%clk 1:04:44]} 17. Qc2
{[%clk 0:39:59]} Qd3 {[%clk 1:01:46]} 18. Qxd3 {[%clk 0:39:59]} Nxd3
{[%clk 1:02:14]} 19. f3 {[%clk 0:40:01]} Rxb2 {[%clk 1:02:07]} 20. Rhd1
{[%clk 0:38:48]} Nb4 {[%clk 0:52:50]} 21. Bd2 {[%clk 0:11:54]} Nd7
{[%clk 0:52:48]} 22. Rab1 {[%clk 0:10:34]} Rc2 {[%clk 0:52:28]} 23. Rbc1
{[%clk 0:09:55]} Rxc1 {[%clk 0:47:58]} 24. Rxc1 {[%clk 0:10:15]} Nb6
{[%clk 0:48:17]} 25. Ra1 {[%clk 0:10:25]} e6 {[%clk 0:48:07]} 26. Rb1
{[%clk 0:02:13]} exd5 {[%clk 0:46:50]} 27. Nxd5 {[%clk 0:02:39]} N6xd5
{[%clk 0:44:18]} 28. exd5 {[%clk 0:03:04]} Rxa4 {[%clk 0:44:26]} 29. Nc3
{[%clk 0:03:33]} Ra3 {[%clk 0:42:21]} 30. Ne4 {[%clk 0:04:01]} Ra2
{[%clk 0:42:40]} 31. g5 {[%clk 0:03:02]} Be5 {[%clk 0:35:53]} 32. Kf1
{[%clk 0:02:23]} Nxd5 {[%clk 0:35:52]} 33. Rb8+ {[%clk 0:02:33]} Kg7
{[%clk 0:36:21]} 34. f4 {[%clk 0:02:48]} Nxf4 {[%clk 0:35:57]} 35. Nf6
{[%clk 0:02:22]} Ra1+ {[%clk 0:36:22]} 36. Kf2 {[%clk 0:02:46]} Nxh3+
{[%clk 0:36:42]} 37. Kg2 {[%clk 0:01:50]} Nxg5 {[%clk 0:37:03]} 38. Ne8+
{[%clk 0:00:35]} Kh6 {[%clk 0:37:27]} 39. Rb3 {[%clk 0:00:51]} Kh5
{[%clk 0:37:29]} 0-1

[Event "World Chess Olympiad 2018"]
[Site "Batumi"]
[Date "2018.09.30"]
[Round "6"]
[Board "2"]
[WhiteFideId "10601619"]
[White "Adly Ahmed"]
[BlackFideId "14901625"]
[Black "Petrik Tomas"]
[Result "0-1"]
[LiveChessVersion "1.4.8"]
[BlackElo "2481"]
[WhiteElo "2620"]

1. d4 {[%clk 1:30:53]} e6 {[%clk 1:30:34]} 2. Nf3 {[%clk 1:31:15]} Nf6
{[%clk 1:30:56]} 3. g3 {[%clk 1:31:43]} d5 {[%clk 1:29:41]} 4. Bg2
{[%clk 1:32:06]} Be7 {[%clk 1:29:53]} 5. O-O {[%clk 1:32:25]} O-O
{[%clk 1:29:48]} 6. Be3 {[%clk 1:31:50]} b6 {[%clk 1:16:20]} 7. c4
{[%clk 1:31:18]} Bb7 {[%clk 1:12:51]} 8. Ne5 {[%clk 1:31:13]} c6 {[%clk 0:54:40]}
9. Nc3 {[%clk 1:27:00]} Nfd7 {[%clk 0:50:42]} 10. Qc2 {[%clk 1:26:06]} Nxe5
{[%clk 0:30:38]} 11. dxe5 {[%clk 1:23:35]} Nd7 {[%clk 0:30:55]} 12. f4
{[%clk 1:23:57]} Ba6 {[%clk 0:21:52]} 13. b3 {[%clk 1:24:17]} dxc4
{[%clk 0:16:04]} 14. Rfd1 {[%clk 1:22:52]} Qc7 {[%clk 0:14:10]} 15. Ne4
{[%clk 1:22:55]} cxb3 {[%clk 0:12:21]} 16. axb3 {[%clk 1:23:16]} Bb7
{[%clk 0:10:57]} 17. Nd6 {[%clk 1:22:56]} Bxd6 {[%clk 0:09:35]} 18. Rxd6
{[%clk 1:22:45]} c5 {[%clk 0:04:14]} 19. Rad1 {[%clk 1:20:22]} Bxg2
{[%clk 0:04:39]} 20. Kxg2 {[%clk 1:20:47]} Qb7+ {[%clk 0:05:00]} 21. Kf2
{[%clk 1:20:24]} Nb8 {[%clk 0:05:26]} 22. f5 {[%clk 1:19:31]} Nc6
{[%clk 0:03:58]} 23. Qe4 {[%clk 1:17:48]} Na5 {[%clk 0:03:47]} 24. Qh4
{[%clk 1:17:46]} exf5 {[%clk 0:02:58]} 25. e6 {[%clk 1:18:14]} Qe4
{[%clk 0:01:44]} 26. Bf4 {[%clk 1:13:43]} Rae8 {[%clk 0:01:34]} 27. R1d3
{[%clk 1:14:12]} Rxe6 {[%clk 0:01:33]} 28. Rxe6 {[%clk 1:14:31]} Qxe6
{[%clk 0:01:37]} 29. Rd8 {[%clk 1:15:00]} f6 {[%clk 0:01:26]} 30. Rxf8+
{[%clk 1:15:26]} Kxf8 {[%clk 0:01:53]} 31. Qxh7 {[%clk 1:15:55]} Nxb3
{[%clk 0:01:06]} 32. Qh8+ {[%clk 1:16:21]} Kf7 {[%clk 0:01:26]} 33. Qb8
{[%clk 1:16:48]} Nd4 {[%clk 0:01:22]} 34. Qxa7+ {[%clk 1:17:14]} Kg6
{[%clk 0:01:10]} 35. Be3 {[%clk 1:17:38]} Nc2 {[%clk 0:01:27]} 36. Bf4
{[%clk 1:17:55]} Nd4 {[%clk 0:01:55]} 37. e3 {[%clk 1:18:17]} Nb5
{[%clk 0:02:03]} 38. Qa6 {[%clk 1:18:29]} Nc3 {[%clk 0:02:18]} 39. Bc7
{[%clk 1:18:56]} Nd5 {[%clk 0:01:22]} 40. Bf4 {[%clk 1:49:25]} Nc3
{[%clk 0:31:17]} 41. Bc7 {[%clk 1:48:52]} Ne4+ {[%clk 0:22:31]} 42. Kf3
{[%clk 1:47:12]} c4 {[%clk 0:16:03]} 43. Qxb6 {[%clk 1:29:20]} Qxb6
{[%clk 0:15:28]} 44. Bxb6 {[%clk 1:29:48]} c3 {[%clk 0:15:49]} 45. Bd4
{[%clk 1:30:14]} c2 {[%clk 0:16:13]} 46. Bb2 {[%clk 1:30:43]} Nc5
{[%clk 0:16:21]} 47. Ba3 {[%clk 1:30:52]} Nb3 {[%clk 0:15:30]} 48. e4
{[%clk 1:31:06]} c1=Q {[%clk 0:14:51]} 49. Bxc1 {[%clk 1:31:24]} Nxc1
{[%clk 0:15:16]} 50. Kf4 {[%clk 1:31:36]} Nd3+ {[%clk 0:15:21]} 51. Ke3
{[%clk 1:31:52]} Ne5 {[%clk 0:15:33]} 52. Kf4 {[%clk 1:32:18]} Nd3+
{[%clk 0:12:06]} 53. Ke3 {[%clk 1:32:45]} Nc5 {[%clk 0:12:28]} 54. exf5+
{[%clk 1:33:04]} Kxf5 {[%clk 0:12:53]} 55. Kf3 {[%clk 1:33:30]} Ne6
{[%clk 0:10:49]} 56. g4+ {[%clk 1:33:47]} Ke5 {[%clk 0:11:09]} 57. h4
{[%clk 1:34:12]} Nd4+ {[%clk 0:10:00]} 58. Kg3 {[%clk 1:34:14]} Ke4
{[%clk 0:10:09]} 59. h5 {[%clk 1:34:29]} Ne6 {[%clk 0:09:00]} 60. Kh4
{[%clk 1:34:41]} Kf4 {[%clk 0:08:42]} 0-1

[Event "World Chess Olympiad 2018"]
[Site "Batumi"]
[Date "2018.09.30"]
[Round "6"]
[Board "3"]
[WhiteFideId "14928752"]
[White "Gazik Viktor"]
[BlackFideId "10613129"]
[Black "Fawzy Adham"]
[Result "1/2-1/2"]
[LiveChessVersion "1.4.8"]
[BlackElo "2431"]
[WhiteElo "2486"]

1. e4 {[%clk 1:30:56]} c5 {[%clk 1:30:53]} 2. Nc3 {[%clk 1:31:22]} Nc6
{[%clk 1:31:08]} 3. Bb5 {[%clk 1:31:45]} Nd4 {[%clk 1:30:58]} 4. Bc4
{[%clk 1:32:07]} g6 {[%clk 1:31:08]} 5. Nf3 {[%clk 1:32:28]} Bg7 {[%clk 1:31:29]}
6. Nxd4 {[%clk 1:32:51]} cxd4 {[%clk 1:31:57]} 7. Qf3 {[%clk 1:33:12]} Nh6
{[%clk 1:31:22]} 8. Ne2 {[%clk 1:33:33]} O-O {[%clk 1:31:19]} 9. d3
{[%clk 1:31:24]} Ng4 {[%clk 1:31:02]} 10. Bb3 {[%clk 1:30:00]} d6
{[%clk 1:28:48]} 11. O-O {[%clk 1:29:42]} e5 {[%clk 1:25:19]} 12. Qg3
{[%clk 1:18:33]} Nf6 {[%clk 1:14:40]} 13. f4 {[%clk 1:05:06]} Nh5
{[%clk 1:03:52]} 14. Qe1 {[%clk 0:44:37]} exf4 {[%clk 0:47:38]} 15. Nxf4
{[%clk 0:45:00]} Nxf4 {[%clk 0:44:19]} 16. Bxf4 {[%clk 0:45:26]} Qe7
{[%clk 0:44:23]} 17. Qb4 {[%clk 0:38:44]} Be5 {[%clk 0:40:01]} 18. Bxe5
{[%clk 0:26:22]} Qxe5 {[%clk 0:40:29]} 19. Rf2 {[%clk 0:24:55]} b5
{[%clk 0:32:32]} 20. Bd5 {[%clk 0:20:01]} Rb8 {[%clk 0:32:52]} 21. Qa5
{[%clk 0:19:51]} Be6 {[%clk 0:32:51]} 22. Bxe6 {[%clk 0:16:30]} fxe6
{[%clk 0:31:44]} 23. Raf1 {[%clk 0:15:37]} Rxf2 {[%clk 0:30:46]} 24. Rxf2
{[%clk 0:16:05]} Qc5 {[%clk 0:30:52]} 25. h3 {[%clk 0:12:57]} e5 {[%clk 0:28:21]}
26. Kh2 {[%clk 0:10:48]} Kg7 {[%clk 0:26:58]} 27. Qd2 {[%clk 0:05:52]} Rf8
{[%clk 0:26:18]} 28. Rxf8 {[%clk 0:06:19]} Kxf8 {[%clk 0:26:46]} 29. Qg5
{[%clk 0:06:36]} Kf7 {[%clk 0:25:26]} 30. Qd8 {[%clk 0:06:24]} Qc6
{[%clk 0:25:20]} 31. b4 {[%clk 0:05:17]} a6 {[%clk 0:24:51]} 32. a3
{[%clk 0:05:22]} h6 {[%clk 0:24:44]} 33. h4 {[%clk 0:01:53]} h5 {[%clk 0:24:57]}
34. Qb8 {[%clk 0:01:19]} Qd7 {[%clk 0:23:46]} 35. Qb6 {[%clk 0:00:50]} Qg4
{[%clk 0:23:17]} 36. Qc7+ {[%clk 0:01:18]} Ke8 {[%clk 0:23:14]} 37. Qc6+
{[%clk 0:01:28]} Ke7 {[%clk 0:23:25]} 38. Qc7+ {[%clk 0:01:53]} Ke8
{[%clk 0:23:42]} 39. Qc6+ {[%clk 0:01:14]} Ke7 {[%clk 0:24:10]} 40. Qc7+
{[%clk 0:31:29]} 1/2-1/2

[Event "World Chess Olympiad 2018"]
[Site "Batumi"]
[Date "2018.09.30"]
[Round "6"]
[Board "4"]
[WhiteFideId "10600183"]
[White "Hesham Abdelrahman"]
[BlackFideId "14923432"]
[Black "Nayhebaver Martin"]
[Result "1-0"]
[LiveChessVersion "1.4.8"]
[BlackElo "2466"]
[WhiteElo "2408"]

1. Nf3 {[%clk 1:30:56]} Nf6 {[%clk 1:30:35]} 2. c4 {[%clk 1:31:12]} e6
{[%clk 1:30:25]} 3. g3 {[%clk 1:31:23]} b6 {[%clk 1:28:07]} 4. Bg2
{[%clk 1:31:41]} Bb7 {[%clk 1:28:14]} 5. O-O {[%clk 1:31:58]} c5 {[%clk 1:26:16]}
6. d4 {[%clk 1:32:10]} cxd4 {[%clk 1:26:29]} 7. Qxd4 {[%clk 1:32:35]} Be7
{[%clk 1:25:41]} 8. Nc3 {[%clk 1:32:51]} O-O {[%clk 1:24:46]} 9. Rd1
{[%clk 1:33:15]} d6 {[%clk 1:22:15]} 10. Bg5 {[%clk 1:24:09]} Nbd7
{[%clk 1:12:15]} 11. Nb5 {[%clk 1:19:36]} e5 {[%clk 1:04:53]} 12. Qe3
{[%clk 1:07:42]} e4 {[%clk 0:34:48]} 13. Bxf6 {[%clk 0:53:22]} Nxf6
{[%clk 0:35:11]} 14. Nd2 {[%clk 0:52:03]} Ng4 {[%clk 0:32:34]} 15. Qb3
{[%clk 0:41:46]} f5 {[%clk 0:26:32]} 16. Nb1 {[%clk 0:31:42]} Kh8
{[%clk 0:25:19]} 17. N1c3 {[%clk 0:31:35]} Rf6 {[%clk 0:17:04]} 18. Rac1
{[%clk 0:29:30]} Rh6 {[%clk 0:16:02]} 19. h3 {[%clk 0:28:50]} Ne5
{[%clk 0:16:03]} 20. Nd4 {[%clk 0:27:04]} Qf8 {[%clk 0:14:53]} 21. Nd5
{[%clk 0:26:13]} Bg5 {[%clk 0:15:18]} 22. Rc2 {[%clk 0:25:16]} Rc8
{[%clk 0:15:18]} 23. h4 {[%clk 0:20:02]} Bd8 {[%clk 0:15:02]} 24. Bh3
{[%clk 0:20:13]} Rc5 {[%clk 0:06:32]} 25. Nxf5 {[%clk 0:11:00]} Bc8
{[%clk 0:06:35]} 26. Nxh6 {[%clk 0:11:14]} Bxh3 {[%clk 0:06:59]} 27. g4
{[%clk 0:11:36]} Bxg4 {[%clk 0:02:53]} 28. Nxg4 {[%clk 0:12:01]} Nxg4
{[%clk 0:03:21]} 29. Qg3 {[%clk 0:11:48]} Qf5 {[%clk 0:02:50]} 30. Ne3
{[%clk 0:08:52]} Nxe3 {[%clk 0:03:10]} 31. fxe3 {[%clk 0:09:13]} Be7
{[%clk 0:03:06]} 32. Rf1 {[%clk 0:05:28]} Qe6 {[%clk 0:02:50]} 33. Rf4
{[%clk 0:05:08]} Rxc4 {[%clk 0:00:50]} 34. Rxc4 {[%clk 0:05:23]} Qxc4
{[%clk 0:01:19]} 35. Qg4 {[%clk 0:05:37]} Qc1+ {[%clk 0:00:53]} 36. Kg2
{[%clk 0:05:54]} Bf6 {[%clk 0:00:41]} 37. Rxe4 {[%clk 0:05:46]} Qc6
{[%clk 0:00:33]} 38. Qf3 {[%clk 0:05:43]} Qa8 {[%clk 0:00:33]} 39. Re6
{[%clk 0:05:22]} Qg8 {[%clk 0:00:32]} 40. Rxd6 {[%clk 0:34:32]} h6
{[%clk 0:30:36]} 41. Qd5 {[%clk 0:32:13]} Qe8 {[%clk 0:27:54]} 42. h5
{[%clk 0:31:08]} Qxe3 {[%clk 0:17:30]} 43. Re6 {[%clk 0:30:30]} Qg5+
{[%clk 0:17:47]} 44. Qxg5 {[%clk 0:30:53]} hxg5 {[%clk 0:18:13]} 45. b3
{[%clk 0:31:11]} 1-0